| 000 | 00758nam a2200253Ia 4500 | ||
|---|---|---|---|
| 003 | OSt | ||
| 005 | 20220924124053.0 | ||
| 006 | a|||||r|||| 00| 0 | ||
| 007 | ta | ||
| 008 | 220923b |||||||| |||| 00| 0 urd d | ||
| 020 | _a97881080421457 (hbk) | ||
| 020 | _c200 | ||
| 024 | _a315001 | ||
| 037 |
_b5724/4, 11/03/2010, Modern Publishing House _cTextual |
||
| 040 |
_aARTS _cARTS _burd |
||
| 041 |
_2urd _aurd |
||
| 082 | _aO168,1N36x, P9 | ||
| 100 |
_aShair Shiwee _9194686 |
||
| 245 | 0 | _aSehra ki dhoop | |
| 260 |
_aNew Delhi _b Modern Publishing House India _c2009 |
||
| 650 | _aURDU POETRY | ||
| 942 |
_hO168,1N36x, P9 _cTEXL _2CC |
||
| 999 |
_c418248 _d418248 |
||